[Event "April 9 Late 2024"]
[Site "Chess.com"]
[Date "2024.04.09"]
[Round "1"]
[White "Rozman, Levy"]
[Black "Harish, Neeraj"]
[Result "1-0"]
[Board "134"]
[WhiteFideId "2039877"]
[BlackFideId "30958130"]
[WhiteTitle "IM"]
[BlackTitle "CM"]
[WhiteElo "2642"]
[BlackElo "2321"]
[WhiteTeam "USA"]
[BlackTeam "USA"]
[WhiteClock "0:00:14"]
[BlackClock "0:00:05"]
[Variant "Standard"]

1. e4 {[%clk 0:02:59]}  c5 {[%clk 0:02:55]} 2. Nc3 {[%clk 0:02:54]}  Nc6 {[%clk 0:02:54]} 3. Bb5 {[%clk 0:02:54]}  Nd4 {[%clk 0:02:54]} 4. Nf3 {[%clk 0:02:52]}  e6 {[%clk 0:02:48]} 5. O-O {[%clk 0:02:51]}  a6 {[%clk 0:02:43]} 6. Bd3 {[%clk 0:02:50]}  Nc6 {[%clk 0:02:42]} 7. Re1 {[%clk 0:02:50]}  Nge7 {[%clk 0:02:10]} 8. Nd5 {[%clk 0:02:45]}  Nxd5 {[%clk 0:01:42]} 9. exd5 {[%clk 0:02:45]}  Nd4 {[%clk 0:01:42]} 10. c3 {[%clk 0:02:25]}  Nxf3+ {[%clk 0:01:38]} 11. Qxf3 {[%clk 0:02:26]}  Be7 {[%clk 0:01:22]} 12. Qg3 {[%clk 0:01:57]}  O-O {[%clk 0:01:17]} 13. d6 {[%clk 0:01:57]}  Bf6 {[%clk 0:01:17]} 14. Be4 {[%clk 0:01:50]}  Rb8 {[%clk 0:01:07]} 15. d3 {[%clk 0:01:49]}  b6 {[%clk 0:01:03]} 16. Bf4 {[%clk 0:01:49]}  Bb7 {[%clk 0:00:59]} 17. Bxb7 {[%clk 0:01:44]}  Rxb7 {[%clk 0:01:00]} 18. Re4 {[%clk 0:01:41]}  b5 {[%clk 0:00:55]} 19. a3 {[%clk 0:01:40]}  a5 {[%clk 0:00:50]} 20. Be5 {[%clk 0:01:15]}  b4 {[%clk 0:00:25]} 21. axb4 {[%clk 0:01:11]}  axb4 {[%clk 0:00:20]} 22. c4 {[%clk 0:01:09]}  Bxe5 {[%clk 0:00:16]} 23. Qxe5 {[%clk 0:01:08]}  Qf6 {[%clk 0:00:16]} 24. f4 {[%clk 0:00:59]}  Rb6 {[%clk 0:00:14]} 25. Ra5 {[%clk 0:00:52]}  Qxe5 {[%clk 0:00:14]} 26. fxe5 {[%clk 0:00:53]}  f6 {[%clk 0:00:14]} 27. d4 {[%clk 0:00:42]}  cxd4 {[%clk 0:00:14]} 28. c5 {[%clk 0:00:42]}  Rc6 {[%clk 0:00:14]} 29. Rxd4 {[%clk 0:00:38]}  fxe5 {[%clk 0:00:14]} 30. Rxb4 {[%clk 0:00:39]}  Rfc8 {[%clk 0:00:12]} 31. Rbb5 {[%clk 0:00:34]}  e4 {[%clk 0:00:12]} 32. Kf2 {[%clk 0:00:34]}  Kf7 {[%clk 0:00:12]} 33. b4 {[%clk 0:00:34]}  Kf6 {[%clk 0:00:12]} 34. Rb7 {[%clk 0:00:34]}  Ke5 {[%clk 0:00:10]} 35. Rxd7 {[%clk 0:00:34]}  Kd4 {[%clk 0:00:10]} 36. Rf7 {[%clk 0:00:29]}  Kd3 {[%clk 0:00:10]} 37. Ra3+ {[%clk 0:00:19]}  Kd2 {[%clk 0:00:10]} 38. d7 {[%clk 0:00:17]}  Rd8 {[%clk 0:00:08]} 39. Re3 {[%clk 0:00:11]}  Rc7 {[%clk 0:00:08]} 40. Rxe4 {[%clk 0:00:11]}  Rcxd7 {[%clk 0:00:07]} 41. Rxd7+ {[%clk 0:00:12]}  Rxd7 {[%clk 0:00:08]} 42. c6 {[%clk 0:00:13]}  Rc7 {[%clk 0:00:08]} 43. Rxe6 {[%clk 0:00:12]}  Kc3 {[%clk 0:00:07]} 44. b5 {[%clk 0:00:13]}  Kc4 {[%clk 0:00:07]} 45. b6 {[%clk 0:00:14]}  Rf7+ {[%clk 0:00:07]} 46. Ke2 {[%clk 0:00:13]}  Kc5 {[%clk 0:00:08]} 47. b7 {[%clk 0:00:13]}  Rf8 {[%clk 0:00:05]} 48. c7 {[%clk 0:00:14]} 1-0

[Event "April 9 Late 2024"]
[Site "Chess.com"]
[Date "2024.04.09"]
[Round "1"]
[White "Marcziter, Dmitrii"]
[Black "Kozlov, Gennady"]
[Result "0-1"]
[Board "135"]
[WhiteFideId "13900765"]
[BlackFideId "4191668"]
[WhiteTitle "FM"]
[BlackTitle "FM"]
[WhiteElo "2319"]
[BlackElo "2640"]
[WhiteTeam "GER"]
[BlackTeam "ESP"]
[WhiteClock "0:00:00"]
[BlackClock "0:00:21"]
[Variant "Standard"]

1. d4 {[%clk 0:02:59]}  e6 {[%clk 0:02:59]} 2. c4 {[%clk 0:02:56]}  b6 {[%clk 0:02:59]} 3. a3 {[%clk 0:02:55]}  Bb7 {[%clk 0:02:59]} 4. Nc3 {[%clk 0:02:55]}  Nf6 {[%clk 0:02:58]} 5. d5 {[%clk 0:02:54]}  d6 {[%clk 0:02:53]} 6. dxe6 {[%clk 0:02:45]}  fxe6 {[%clk 0:02:52]} 7. Nf3 {[%clk 0:02:45]}  Be7 {[%clk 0:02:49]} 8. Ng5 {[%clk 0:02:45]}  Qd7 {[%clk 0:02:49]} 9. Nb5 {[%clk 0:02:42]}  O-O {[%clk 0:02:42]} 10. Nd4 {[%clk 0:02:28]}  Ne4 {[%clk 0:02:40]} 11. Nxe4 {[%clk 0:02:21]}  Bxe4 {[%clk 0:02:41]} 12. f3 {[%clk 0:02:20]}  Bb7 {[%clk 0:02:32]} 13. e4 {[%clk 0:02:15]}  e5 {[%clk 0:02:31]} 14. Nf5 {[%clk 0:02:14]}  Rxf5 {[%clk 0:02:23]} 15. exf5 {[%clk 0:02:13]}  Qxf5 {[%clk 0:02:24]} 16. Bd3 {[%clk 0:02:12]}  Bh4+ {[%clk 0:02:19]} 17. Ke2 {[%clk 0:01:55]}  Qh5 {[%clk 0:02:16]} 18. Kd2 {[%clk 0:01:31]}  Nc6 {[%clk 0:02:13]} 19. b4 {[%clk 0:01:26]}  Bg5+ {[%clk 0:02:07]} 20. Kc3 {[%clk 0:01:24]}  e4 {[%clk 0:01:54]} 21. Bxg5 {[%clk 0:01:09]}  Qxg5 {[%clk 0:01:54]} 22. Bxe4 {[%clk 0:01:07]}  Qe5+ {[%clk 0:01:54]} 23. Kb3 {[%clk 0:01:04]}  Nd4+ {[%clk 0:01:54]} 24. Ka2 {[%clk 0:01:03]}  Bxe4 {[%clk 0:01:53]} 25. fxe4 {[%clk 0:01:02]}  Qxe4 {[%clk 0:01:53]} 26. Qd2 {[%clk 0:00:59]}  c5 {[%clk 0:01:30]} 27. Rae1 {[%clk 0:00:55]}  Qg6 {[%clk 0:01:30]} 28. Rhf1 {[%clk 0:00:48]}  a5 {[%clk 0:01:25]} 29. b5 {[%clk 0:00:46]}  d5 {[%clk 0:01:22]} 30. cxd5 {[%clk 0:00:41]}  Qh5 {[%clk 0:01:17]} 31. Qd3 {[%clk 0:00:22]}  Qxd5+ {[%clk 0:01:09]} 32. Kb2 {[%clk 0:00:19]}  c4 {[%clk 0:01:07]} 33. Qe4 {[%clk 0:00:18]}  Qxb5+ {[%clk 0:01:07]} 34. Kc3 {[%clk 0:00:18]}  Qb3+ {[%clk 0:01:02]} 35. Kxd4 {[%clk 0:00:17]}  Rd8+ {[%clk 0:01:01]} 36. Ke5 {[%clk 0:00:15]}  Re8+ {[%clk 0:00:52]} 37. Kf5 {[%clk 0:00:14]}  g6+ {[%clk 0:00:50]} 38. Kf6 {[%clk 0:00:13]}  Qc3+ {[%clk 0:00:40]} 39. Kg5 {[%clk 0:00:11]}  Rxe4 {[%clk 0:00:39]} 40. Rxe4 {[%clk 0:00:11]}  Qd2+ {[%clk 0:00:32]} 41. Kf6 {[%clk 0:00:09]}  Qd6+ {[%clk 0:00:28]} 42. Re6 {[%clk 0:00:08]}  Qd4+ {[%clk 0:00:28]} 43. Ke7 {[%clk 0:00:05]}  c3 {[%clk 0:00:24]} 44. Ref6 {[%clk 0:00:03]}  Qc5+ {[%clk 0:00:23]} 45. Ke8 {[%clk 0:00:02]}  Qe5+ {[%clk 0:00:22]} 46. Kd7 {[%clk 0:00:00]}  c2 {[%clk 0:00:21]} 0-1

[Event "April 9 Late 2024"]
[Site "Chess.com"]
[Date "2024.04.09"]
[Round "1"]
[White "Janaszak, Dawid"]
[Black "McLaren, Brian"]
[Result "1-0"]
[Board "136"]
[WhiteFideId "1119206"]
[BlackFideId "2604612"]
[WhiteTitle "FM"]
[WhiteElo "2639"]
[BlackElo "2318"]
[WhiteTeam "POL"]
[BlackTeam "CAN"]
[WhiteClock "0:00:30"]
[BlackClock "0:00:55"]
[Variant "Standard"]

1. e4 {[%clk 0:03:00]}  Nf6 {[%clk 0:02:58]} 2. e5 {[%clk 0:03:00]}  Nd5 {[%clk 0:02:57]} 3. d4 {[%clk 0:03:01]}  d6 {[%clk 0:02:57]} 4. Nf3 {[%clk 0:03:01]}  Bg4 {[%clk 0:02:56]} 5. Be2 {[%clk 0:02:56]}  c6 {[%clk 0:02:55]} 6. O-O {[%clk 0:02:56]}  Bxf3 {[%clk 0:02:55]} 7. Bxf3 {[%clk 0:02:56]}  dxe5 {[%clk 0:02:55]} 8. dxe5 {[%clk 0:02:57]}  e6 {[%clk 0:02:55]} 9. Qe2 {[%clk 0:02:56]}  Nd7 {[%clk 0:02:55]} 10. c4 {[%clk 0:02:53]}  Ne7 {[%clk 0:02:55]} 11. Bf4 {[%clk 0:02:46]}  Ng6 {[%clk 0:02:54]} 12. Bg3 {[%clk 0:02:46]}  Qa5 {[%clk 0:02:54]} 13. Re1 {[%clk 0:02:42]}  Bb4 {[%clk 0:02:53]} 14. Nc3 {[%clk 0:02:42]}  Bxc3 {[%clk 0:02:52]} 15. bxc3 {[%clk 0:02:43]}  O-O {[%clk 0:02:50]} 16. h4 {[%clk 0:02:40]}  h6 {[%clk 0:02:45]} 17. h5 {[%clk 0:02:39]}  Ne7 {[%clk 0:02:45]} 18. Red1 {[%clk 0:02:26]}  Nb6 {[%clk 0:02:43]} 19. Qb2 {[%clk 0:02:04]}  Rad8 {[%clk 0:02:35]} 20. Be2 {[%clk 0:01:31]}  Nf5 {[%clk 0:02:33]} 21. Bf4 {[%clk 0:01:28]}  Na4 {[%clk 0:02:17]} 22. Qa3 {[%clk 0:01:16]}  b5 {[%clk 0:02:05]} 23. cxb5 {[%clk 0:01:14]}  cxb5 {[%clk 0:02:05]} 24. Bd2 {[%clk 0:00:57]}  Rd7 {[%clk 0:01:47]} 25. Rab1 {[%clk 0:00:56]}  a6 {[%clk 0:01:47]} 26. Be1 {[%clk 0:00:47]}  Rfd8 {[%clk 0:01:44]} 27. Rxd7 {[%clk 0:00:47]}  Rxd7 {[%clk 0:01:44]} 28. c4 {[%clk 0:00:46]}  Qc7 {[%clk 0:01:38]} 29. cxb5 {[%clk 0:00:45]}  Qxe5 {[%clk 0:01:33]} 30. Qxa4 {[%clk 0:00:37]}  Qxe2 {[%clk 0:01:32]} 31. bxa6 {[%clk 0:00:37]}  Ra7 {[%clk 0:01:23]} 32. Qe8+ {[%clk 0:00:37]}  Kh7 {[%clk 0:01:23]} 33. Bc3 {[%clk 0:00:31]}  Qxa6 {[%clk 0:00:55]} 34. Rb8 {[%clk 0:00:30]} 1-0

[Event "April 9 Late 2024"]
[Site "Chess.com"]
[Date "2024.04.09"]
[Round "1"]
[White "Laskakis, Konstantinos"]
[Black "Zhizmer, Yuri"]
[Result "0-1"]
[Board "137"]
[WhiteFideId "42134374"]
[BlackFideId "14108852"]
[BlackTitle "IM"]
[WhiteElo "2315"]
[BlackElo "2639"]
[WhiteTeam "GRE"]
[BlackTeam "ISR"]
[WhiteClock "0:00:00"]
[BlackClock "0:00:31"]
[Variant "Standard"]

1. e4 {[%clk 0:03:00]}  d6 {[%clk 0:02:53]} 2. Nf3 {[%clk 0:02:59]}  Nf6 {[%clk 0:02:53]} 3. d3 {[%clk 0:03:00]}  Nc6 {[%clk 0:02:49]} 4. g3 {[%clk 0:02:58]}  e5 {[%clk 0:02:49]} 5. Bg2 {[%clk 0:02:58]}  g6 {[%clk 0:02:50]} 6. O-O {[%clk 0:02:58]}  Bg7 {[%clk 0:02:50]} 7. c3 {[%clk 0:02:54]}  O-O {[%clk 0:02:51]} 8. b4 {[%clk 0:02:54]}  a5 {[%clk 0:02:48]} 9. b5 {[%clk 0:02:53]}  Nb8 {[%clk 0:02:49]} 10. a4 {[%clk 0:02:53]}  Nbd7 {[%clk 0:02:49]} 11. Re1 {[%clk 0:02:51]}  Re8 {[%clk 0:02:48]} 12. Nbd2 {[%clk 0:02:48]}  b6 {[%clk 0:02:45]} 13. d4 {[%clk 0:02:33]}  Bb7 {[%clk 0:02:39]} 14. Qc2 {[%clk 0:02:32]}  exd4 {[%clk 0:02:39]} 15. cxd4 {[%clk 0:02:32]}  Rc8 {[%clk 0:02:32]} 16. Ba3 {[%clk 0:02:20]}  c5 {[%clk 0:02:32]} 17. bxc6 {[%clk 0:02:18]}  Bxc6 {[%clk 0:02:30]} 18. Qd3 {[%clk 0:02:07]}  Bxa4 {[%clk 0:02:30]} 19. Bxd6 {[%clk 0:02:06]}  Bc2 {[%clk 0:02:29]} 20. Qb5 {[%clk 0:01:37]}  Nxe4 {[%clk 0:02:27]} 21. Nxe4 {[%clk 0:01:21]}  Bxe4 {[%clk 0:02:27]} 22. Ne5 {[%clk 0:01:12]}  Nxe5 {[%clk 0:02:21]} 23. dxe5 {[%clk 0:01:05]}  Bxg2 {[%clk 0:02:21]} 24. Kxg2 {[%clk 0:01:05]}  Re6 {[%clk 0:02:08]} 25. Rad1 {[%clk 0:01:02]}  Qe8 {[%clk 0:02:06]} 26. Qxb6 {[%clk 0:00:55]}  a4 {[%clk 0:02:06]} 27. Qa5 {[%clk 0:00:53]}  Ra8 {[%clk 0:02:05]} 28. Qc3 {[%clk 0:00:44]}  Rc8 {[%clk 0:01:59]} 29. Qa3 {[%clk 0:00:42]}  Ra8 {[%clk 0:01:52]} 30. h4 {[%clk 0:00:41]}  Bxe5 {[%clk 0:01:47]} 31. Bxe5 {[%clk 0:00:36]}  Rxe5 {[%clk 0:01:48]} 32. Qc3 {[%clk 0:00:26]}  Re4 {[%clk 0:01:32]} 33. h5 {[%clk 0:00:18]}  gxh5 {[%clk 0:01:22]} 34. f3 {[%clk 0:00:10]}  Re2+ {[%clk 0:01:19]} 35. Kf1 {[%clk 0:00:07]}  Re6 {[%clk 0:01:14]} 36. Re4 {[%clk 0:00:03]}  Rxe4 {[%clk 0:01:12]} 37. fxe4 {[%clk 0:00:03]}  Qxe4 {[%clk 0:01:08]} 38. Re1 {[%clk 0:00:03]}  Qh1+ {[%clk 0:01:06]} 39. Kf2 {[%clk 0:00:03]}  Qh2+ {[%clk 0:01:06]} 40. Kf1 {[%clk 0:00:04]}  Qh3+ {[%clk 0:01:06]} 41. Kf2 {[%clk 0:00:04]}  Qf5+ {[%clk 0:01:04]} 42. Kg1 {[%clk 0:00:04]}  a3 {[%clk 0:01:01]} 43. Re5 {[%clk 0:00:03]}  Qb1+ {[%clk 0:00:55]} 44. Kh2 {[%clk 0:00:04]}  Qg6 {[%clk 0:00:44]} 45. Qe3 {[%clk 0:00:02]}  Qc2+ {[%clk 0:00:41]} 46. Kh3 {[%clk 0:00:02]}  Qc8+ {[%clk 0:00:38]} 47. Kh2 {[%clk 0:00:01]}  Qc2+ {[%clk 0:00:35]} 48. Kh3 {[%clk 0:00:01]}  Qg6 {[%clk 0:00:32]} 49. Rg5 {[%clk 0:00:01]}  a2 {[%clk 0:00:30]} 50. Rxg6+ {[%clk 0:00:00]}  hxg6 {[%clk 0:00:31]} 0-1

[Event "April 9 Late 2024"]
[Site "Chess.com"]
[Date "2024.04.09"]
[Round "1"]
[White "Montano Vicente, Guadalupe"]
[Black "Barria Zuniga, Daniel"]
[Result "0-1"]
[Board "143"]
[WhiteFideId "5181399"]
[BlackFideId "3400816"]
[BlackTitle "IM"]
[WhiteElo "2295"]
[BlackElo "2628"]
[WhiteTeam "MEX"]
[BlackTeam "CHI"]
[WhiteClock "0:00:12"]
[BlackClock "0:00:14"]
[Variant "Standard"]

1. d4 {[%clk 0:02:59]}  g6 {[%clk 0:02:56]} 2. c4 {[%clk 0:02:59]}  Bg7 {[%clk 0:02:54]} 3. e4 {[%clk 0:02:55]}  d6 {[%clk 0:02:53]} 4. Nc3 {[%clk 0:02:53]}  Nf6 {[%clk 0:02:53]} 5. Be2 {[%clk 0:02:51]}  O-O {[%clk 0:02:52]} 6. Bg5 {[%clk 0:02:51]}  a6 {[%clk 0:02:47]} 7. Qd2 {[%clk 0:02:47]}  c5 {[%clk 0:02:47]} 8. d5 {[%clk 0:02:44]}  Qa5 {[%clk 0:02:43]} 9. Nf3 {[%clk 0:02:34]}  b5 {[%clk 0:02:41]} 10. Bxf6 {[%clk 0:02:14]}  Bxf6 {[%clk 0:02:38]} 11. O-O {[%clk 0:02:14]}  Nd7 {[%clk 0:02:19]} 12. a4 {[%clk 0:01:56]}  bxc4 {[%clk 0:02:08]} 13. Bxc4 {[%clk 0:01:55]}  Ne5 {[%clk 0:02:06]} 14. Nxe5 {[%clk 0:01:53]}  Bxe5 {[%clk 0:02:07]} 15. Rac1 {[%clk 0:01:36]}  Bd7 {[%clk 0:02:06]} 16. b3 {[%clk 0:01:35]}  f5 {[%clk 0:02:00]} 17. Kh1 {[%clk 0:01:27]}  f4 {[%clk 0:02:00]} 18. Qd3 {[%clk 0:01:23]}  g5 {[%clk 0:01:57]} 19. f3 {[%clk 0:01:21]}  h5 {[%clk 0:01:57]} 20. Ne2 {[%clk 0:01:21]}  Rf6 {[%clk 0:01:47]} 21. Rg1 {[%clk 0:00:55]}  Kh8 {[%clk 0:01:39]} 22. g3 {[%clk 0:00:42]}  fxg3 {[%clk 0:01:38]} 23. Nxg3 {[%clk 0:00:41]}  Raf8 {[%clk 0:01:37]} 24. Rcf1 {[%clk 0:00:35]}  Bh3 {[%clk 0:01:35]} 25. Rf2 {[%clk 0:00:32]}  Bd4 {[%clk 0:01:34]} 26. Nxh5 {[%clk 0:00:30]}  Bxf2 {[%clk 0:01:34]} 27. Nxf6 {[%clk 0:00:31]}  Bxg1 {[%clk 0:01:29]} 28. e5 {[%clk 0:00:31]}  exf6 {[%clk 0:01:29]} 29. Qg6 {[%clk 0:00:30]}  Qc7 {[%clk 0:01:25]} 30. Qh6+ {[%clk 0:00:28]}  Kg8 {[%clk 0:01:24]} 31. Qxh3 {[%clk 0:00:23]}  fxe5 {[%clk 0:01:20]} 32. Qe6+ {[%clk 0:00:22]}  Kg7 {[%clk 0:01:18]} 33. Kxg1 {[%clk 0:00:22]}  Rxf3 {[%clk 0:01:08]} 34. Be2 {[%clk 0:00:22]}  Rf6 {[%clk 0:01:06]} 35. Qg4 {[%clk 0:00:20]}  Qa5 {[%clk 0:01:05]} 36. Qd7+ {[%clk 0:00:18]}  Kh6 {[%clk 0:01:02]} 37. Qh3+ {[%clk 0:00:17]}  Kg7 {[%clk 0:01:00]} 38. Qd7+ {[%clk 0:00:18]}  Rf7 {[%clk 0:00:59]} 39. Qg4 {[%clk 0:00:17]}  Qe1+ {[%clk 0:00:57]} 40. Kg2 {[%clk 0:00:17]}  Qf2+ {[%clk 0:00:44]} 41. Kh3 {[%clk 0:00:17]}  Qe3+ {[%clk 0:00:44]} 42. Kg2 {[%clk 0:00:17]}  Rf2+ {[%clk 0:00:44]} 43. Kh1 {[%clk 0:00:16]}  Qc1+ {[%clk 0:00:16]} 44. Qg1 {[%clk 0:00:12]}  Qxg1+ {[%clk 0:00:14]} 0-1

[Event "April 9 Late 2024"]
[Site "Chess.com"]
[Date "2024.04.09"]
[Round "1"]
[White "Szente Varga, Fruzsina"]
[Black "Horobetz, Graham"]
[Result "0-1"]
[Board "145"]
[WhiteFideId "712264"]
[BlackFideId "2047322"]
[WhiteTitle "WFM"]
[WhiteElo "2286"]
[BlackElo "2625"]
[WhiteTeam "HUN"]
[BlackTeam "USA"]
[WhiteClock "0:02:07"]
[BlackClock "0:02:19"]
[Variant "Standard"]

1. e4 {[%clk 0:03:00]}  c5 {[%clk 0:02:57]} 2. Nf3 {[%clk 0:03:00]}  g6 {[%clk 0:02:57]} 3. Nc3 {[%clk 0:02:59]}  Bg7 {[%clk 0:02:58]} 4. Bc4 {[%clk 0:02:56]}  Nc6 {[%clk 0:02:58]} 5. O-O {[%clk 0:02:55]}  e6 {[%clk 0:02:58]} 6. b3 {[%clk 0:02:53]}  Nge7 {[%clk 0:02:58]} 7. Bb2 {[%clk 0:02:53]}  O-O {[%clk 0:02:58]} 8. Na4 {[%clk 0:02:42]}  d5 {[%clk 0:02:48]} 9. Bxg7 {[%clk 0:02:40]}  Kxg7 {[%clk 0:02:48]} 10. exd5 {[%clk 0:02:40]}  exd5 {[%clk 0:02:49]} 11. Bb5 {[%clk 0:02:39]}  Qd6 {[%clk 0:02:46]} 12. d4 {[%clk 0:02:34]}  cxd4 {[%clk 0:02:38]} 13. Nxd4 {[%clk 0:02:32]}  Nf5 {[%clk 0:02:39]} 14. Bxc6 {[%clk 0:02:24]}  bxc6 {[%clk 0:02:39]} 15. Nxf5+ {[%clk 0:02:24]}  Bxf5 {[%clk 0:02:39]} 16. Qd4+ {[%clk 0:02:25]}  Qf6 {[%clk 0:02:30]} 17. Qc5 {[%clk 0:02:22]}  Rfe8 {[%clk 0:02:24]} 18. Rfe1 {[%clk 0:02:22]}  Re2 {[%clk 0:02:20]} 19. Rxe2 {[%clk 0:02:07]}  Qxa1+ {[%clk 0:02:19]} 0-1

[Event "April 9 Late 2024"]
[Site "Chess.com"]
[Date "2024.04.09"]
[Round "1"]
[White "Iskusnyh, Sergei"]
[Black "Rohwer, Paul"]
[Result "1-0"]
[Board "146"]
[WhiteFideId "4120027"]
[BlackFideId "2007827"]
[WhiteTitle "GM"]
[WhiteElo "2622"]
[BlackElo "2282"]
[WhiteTeam "RUS"]
[BlackTeam "USA"]
[WhiteClock "0:00:54"]
[BlackClock "0:00:00"]
[Variant "Standard"]

1. d4 {[%clk 0:03:00]}  Nf6 {[%clk 0:02:47]} 2. c4 {[%clk 0:02:59]}  g6 {[%clk 0:02:46]} 3. g3 {[%clk 0:03:00]}  Bg7 {[%clk 0:02:46]} 4. Bg2 {[%clk 0:03:00]}  O-O {[%clk 0:02:47]} 5. Nc3 {[%clk 0:03:01]}  d6 {[%clk 0:02:47]} 6. Nf3 {[%clk 0:03:01]}  Nc6 {[%clk 0:02:48]} 7. d5 {[%clk 0:02:58]}  Na5 {[%clk 0:02:47]} 8. b3 {[%clk 0:02:58]}  c5 {[%clk 0:02:48]} 9. Bb2 {[%clk 0:02:57]}  a6 {[%clk 0:02:48]} 10. Qc2 {[%clk 0:02:41]}  Bd7 {[%clk 0:02:48]} 11. O-O {[%clk 0:02:37]}  b5 {[%clk 0:02:47]} 12. Nd2 {[%clk 0:02:36]}  bxc4 {[%clk 0:02:43]} 13. bxc4 {[%clk 0:02:36]}  Rb8 {[%clk 0:02:42]} 14. Rab1 {[%clk 0:02:35]}  Qc7 {[%clk 0:02:38]} 15. Ba1 {[%clk 0:02:33]}  Rxb1 {[%clk 0:02:37]} 16. Rxb1 {[%clk 0:02:33]}  Rb8 {[%clk 0:02:37]} 17. Nd1 {[%clk 0:02:13]}  Rb4 {[%clk 0:02:23]} 18. Bc3 {[%clk 0:01:55]}  Ba4 {[%clk 0:02:08]} 19. Qc1 {[%clk 0:01:54]}  Rxb1 {[%clk 0:01:59]} 20. Qxb1 {[%clk 0:01:51]}  Bxd1 {[%clk 0:01:56]} 21. Qxd1 {[%clk 0:01:52]}  Qb6 {[%clk 0:01:55]} 22. Qa4 {[%clk 0:01:47]}  Nb7 {[%clk 0:01:54]} 23. Bh3 {[%clk 0:01:31]}  Nd8 {[%clk 0:01:30]} 24. Kg2 {[%clk 0:01:24]}  e5 {[%clk 0:01:19]} 25. Bc8 {[%clk 0:01:13]}  Qc7 {[%clk 0:00:32]} 26. Qxa6 {[%clk 0:01:00]}  Bh6 {[%clk 0:00:00]} 27. e3 {[%clk 0:00:54]} 1-0

[Event "April 9 Late 2024"]
[Site "Chess.com"]
[Date "2024.04.09"]
[Round "1"]
[White "Pranav Sairam"]
[Black "Ticona Rocabado, Licael Roderick"]
[Result "0-1"]
[Board "149"]
[WhiteFideId "30951330"]
[BlackFideId "3319113"]
[BlackTitle "IM"]
[WhiteElo "2269"]
[BlackElo "2619"]
[WhiteTeam "USA"]
[BlackTeam "BOL"]
[WhiteClock "0:00:06"]
[BlackClock "0:01:26"]
[Variant "Standard"]

1. e4 {[%clk 0:03:00]}  e6 {[%clk 0:02:52]} 2. Qe2 {[%clk 0:02:59]}  d5 {[%clk 0:02:53]} 3. d3 {[%clk 0:02:58]}  Nf6 {[%clk 0:02:45]} 4. g3 {[%clk 0:02:57]}  Be7 {[%clk 0:02:44]} 5. Bg2 {[%clk 0:02:57]}  O-O {[%clk 0:02:44]} 6. Nf3 {[%clk 0:02:57]}  c5 {[%clk 0:02:44]} 7. O-O {[%clk 0:02:57]}  Nc6 {[%clk 0:02:45]} 8. e5 {[%clk 0:02:57]}  Nd7 {[%clk 0:02:45]} 9. c4 {[%clk 0:02:58]}  d4 {[%clk 0:02:43]} 10. h4 {[%clk 0:02:58]}  Qc7 {[%clk 0:02:40]} 11. Bf4 {[%clk 0:02:57]}  a6 {[%clk 0:02:37]} 12. Na3 {[%clk 0:02:55]}  Rb8 {[%clk 0:02:37]} 13. Rfe1 {[%clk 0:02:42]}  b5 {[%clk 0:02:36]} 14. b3 {[%clk 0:02:34]}  Qa5 {[%clk 0:02:30]} 15. Nc2 {[%clk 0:02:34]}  Bb7 {[%clk 0:02:27]} 16. a4 {[%clk 0:02:17]}  bxc4 {[%clk 0:02:25]} 17. bxc4 {[%clk 0:02:08]}  Nb4 {[%clk 0:02:21]} 18. Nxb4 {[%clk 0:02:06]}  Qxb4 {[%clk 0:02:22]} 19. Reb1 {[%clk 0:01:59]}  Qa5 {[%clk 0:02:22]} 20. Bd2 {[%clk 0:01:33]}  Qc7 {[%clk 0:02:18]} 21. Re1 {[%clk 0:01:24]}  Bc6 {[%clk 0:02:17]} 22. a5 {[%clk 0:01:22]}  Rb2 {[%clk 0:02:15]} 23. Ng5 {[%clk 0:01:16]}  Bxg2 {[%clk 0:02:13]} 24. Kxg2 {[%clk 0:01:15]}  Rfb8 {[%clk 0:02:08]} 25. f4 {[%clk 0:01:11]}  Bxg5 {[%clk 0:02:03]} 26. hxg5 {[%clk 0:01:11]}  Qc6+ {[%clk 0:02:00]} 27. Kf2 {[%clk 0:01:06]}  Nf8 {[%clk 0:01:53]} 28. Rad1 {[%clk 0:00:52]}  Ng6 {[%clk 0:01:52]} 29. Rh1 {[%clk 0:00:46]}  Ne7 {[%clk 0:01:50]} 30. Qh5 {[%clk 0:00:41]}  Nf5 {[%clk 0:01:43]} 31. g4 {[%clk 0:00:20]}  Ne3 {[%clk 0:01:40]} 32. Qxh7+ {[%clk 0:00:19]}  Kf8 {[%clk 0:01:41]} 33. Qh8+ {[%clk 0:00:17]}  Ke7 {[%clk 0:01:41]} 34. Qh3 {[%clk 0:00:10]}  Rc2 {[%clk 0:01:35]} 35. g6 {[%clk 0:00:08]}  Rbb2 {[%clk 0:01:33]} 36. Ke2 {[%clk 0:00:08]}  fxg6 {[%clk 0:01:27]} 37. Qh4+ {[%clk 0:00:08]}  Kf7 {[%clk 0:01:26]} 38. f5 {[%clk 0:00:09]}  Qg2+ {[%clk 0:01:25]} 39. Qf2 {[%clk 0:00:09]}  Rxd2+ {[%clk 0:01:25]} 40. Rxd2 {[%clk 0:00:06]}  Rxd2+ {[%clk 0:01:26]} 0-1

[Event "April 9 Late 2024"]
[Site "Chess.com"]
[Date "2024.04.09"]
[Round "1"]
[White "Zavgorodniy, Sergiy"]
[Black "Yevchenko, Oleksandr"]
[Result "0-1"]
[Board "154"]
[WhiteFideId "14110148"]
[BlackFideId "14108267"]
[WhiteTitle "IM"]
[BlackTitle "CM"]
[WhiteElo "2615"]
[BlackElo "2244"]
[WhiteTeam "UKR"]
[BlackTeam "UKR"]
[WhiteClock "0:01:21"]
[BlackClock "0:00:14"]
[Variant "Standard"]

1. d4 {[%clk 0:03:00]}  Nf6 {[%clk 0:02:59]} 2. c4 {[%clk 0:02:59]}  e6 {[%clk 0:02:59]} 3. Nf3 {[%clk 0:02:59]}  d5 {[%clk 0:02:58]} 4. e3 {[%clk 0:02:58]}  c5 {[%clk 0:02:55]} 5. dxc5 {[%clk 0:02:58]}  Bxc5 {[%clk 0:02:55]} 6. a3 {[%clk 0:02:58]}  O-O {[%clk 0:02:46]} 7. b4 {[%clk 0:02:58]}  Bb6 {[%clk 0:02:46]} 8. Bb2 {[%clk 0:02:58]}  a5 {[%clk 0:02:35]} 9. b5 {[%clk 0:02:55]}  Ne4 {[%clk 0:02:29]} 10. Nbd2 {[%clk 0:02:53]}  Nxd2 {[%clk 0:02:24]} 11. Qxd2 {[%clk 0:02:50]}  dxc4 {[%clk 0:01:55]} 12. Qc3 {[%clk 0:02:45]}  f6 {[%clk 0:01:50]} 13. Bxc4 {[%clk 0:02:45]}  Qe7 {[%clk 0:01:43]} 14. O-O {[%clk 0:02:45]}  Nd7 {[%clk 0:01:40]} 15. a4 {[%clk 0:02:38]}  Nc5 {[%clk 0:01:26]} 16. Nd4 {[%clk 0:02:33]}  Bd7 {[%clk 0:01:24]} 17. Nf5 {[%clk 0:02:24]}  Qf7 {[%clk 0:01:13]} 18. Nd6 {[%clk 0:02:24]}  Qg6 {[%clk 0:01:11]} 19. Rfd1 {[%clk 0:02:23]}  Rad8 {[%clk 0:00:52]} 20. Rd2 {[%clk 0:02:17]}  Kh8 {[%clk 0:00:40]} 21. Qa3 {[%clk 0:01:57]}  e5 {[%clk 0:00:29]} 22. Nxb7 {[%clk 0:01:55]}  Bh3 {[%clk 0:00:24]} 23. f4 {[%clk 0:01:39]}  Rxd2 {[%clk 0:00:21]} 24. g3 {[%clk 0:01:31]}  Qe4 {[%clk 0:00:16]} 25. Bf1 {[%clk 0:01:24]}  Bxf1 {[%clk 0:00:15]} 26. Nxc5 {[%clk 0:01:21]}  Qg2# {[%clk 0:00:14]} 0-1